000 00953nam0a22002411 4500
001 rc\2716578
005 20250529124742.0
035 _a(NLR Aleph) 006844398
090 _a6679764
_c6679764
100 _a20110915d1938 |||y0rusy50 ca
101 0 _arus
102 _aRU
105 _ay z |||||
200 1 _aСкарлатина
_eПамятка для учителей и родителей
_fМ. С. Шулькин, Г. К. Благовещенский
_gВорон. обл. дом сан. культуры. Ворон. обл. противоэпидемич. станция
210 _aВоронеж
_cОбл. кн-во
_d1938
_gТип. изд-ва "Коммуна"
215 _a14 с.
_d13 см.
700 1 _aШулькин
_bМ.С.
701 1 _aБлаговещенский
_bГ.К.
_gГригорий Ксенофонтович
801 0 _aRU
_bNLR
_gpsbo
801 1 _aRU
_bELAR
_2rusmarc
852 _aNLR
_j38-8/64
942 _cBOOK
980 _aNB